{"text_format":"3","workbook":"xlsx","n_sheets":2,"sheets":["Sheet2","Sheet1"],"read":"whole","date_system":"1900"}

{"sheet":"Sheet2","index":0,"n_rows":21,"n_cols":10,"rows_kept":21,"merged":[[0,0,0,9],[1,0,1,9],[11,0,11,2],[11,3,11,8],[12,0,12,2],[12,3,12,8],[13,0,13,2],[13,3,13,8],[14,0,14,9]]}
["门窗询价单"]
["项目名称：雅安市石棉县草科乡卫生灾后恢复重建项目"]
["序号","材料名称","规格型号","单位","预估樘数","每樘面积（m2）","总面积（m2）","含税单价（元/m2）","含税小计（元）","备注"]
[1,"门","FM乙1122","樘","1",{"$f":"G4/E4","v":2.42},2.42,600,null,"普通乙级木质防火门，耐火极限不低于1h，单开门，门开室内"]
[2,"门","FM乙1622","樘",4,{"$f":"G5/E5","v":3.52},14.08,700,null,"1：普通乙级木质防火门，耐火极限不低于1h。\n2：对开。\n3：楼梯通道带自动闭合器。\n4：包边门框为不锈钢材质，同墙200mm框，翻边为60mm，门厚度不小于50mm。"]
[3,"门","FM丙1120","樘","1",{"$f":"G6/E6","v":2.2},2.2,600,null,"普通丙级木质防火门，耐火极限不低于1h，宽度同墙厚200mm，翻边60mm，门厚度不小于45mm。"]
[4,"门","M1022","樘",16,2.2,35.2,550,null,"普通玻璃门，套装门，使用部位厕所"]
[5,"门","M1122","樘",40,2.42,96.8,600,null,"普通木门，套装门宽度同墙厚200mm（需现场量取实际尺寸），翻边60mm，门扇厚度不小于45mm"]
[6,"门","M1222","樘","2",2.64,5.28,600,null,"普通木门，套装门宽度同墙厚200mm，翻边60mm，门扇厚度不小于45mm"]
[7,"门","M1322","樘",2,2.86,5.72,600,null,"普通木门，套装门宽度同墙厚200mm翻边60mm，门扇厚度不小于45mm"]
[8,"门","M1522","樘",5,3.3,16.5,600,null,"普通木门，套装门宽度同墙厚200mm，翻边60mm，门扇厚度不小于45mm"]
["不含税总计（元）"]
["税率"]
["含税总计（元）"]
["注：该批材料用于石棉县；材料单价为固定单价，包含但不限于材料费、安装、上车费、下车费、税费等费用；供货数量、时间和地点以甲方需求计划为准，结算数量为甲方实收数量。"]
[]
[{"$nulls":3},"报价单位："]
[]
[{"$nulls":3},"联系方式："]
[]
[{"$nulls":3},"报价时间："]

{"sheet":"Sheet1","index":1,"n_rows":24,"n_cols":9,"rows_kept":24,"merged":[[0,0,0,8],[1,0,1,8],[3,8,22,8],[20,0,20,2],[20,3,20,7],[21,0,21,2],[21,3,21,7],[22,0,22,2],[22,3,22,7],[23,0,23,8]]}
["门窗报价清单"]
["项目名称：石棉县美罗镇卫生灾后恢复重建项目"]
["序号","材料名称","规格型号","单位","预估数量","控制含税单价（元/樘）","含税单价（元/樘）","含税总价（元/樘）","备注"]
[1,"木质套装门","门M1727","樘",1,1645,null,null," 注：门（或门洞）的宽度和高度尺寸详见图纸"]
[2,"木质套装门","MLC2536","樘",1,5580]
[3,"木质套装门","m1122","樘",38,992]
[4,"木质套装门","m1322","樘",6,1415]
[5,"木质套装门","m1627","樘",1,1645]
[6,"木质套装门","m1722","樘",1,1550]
[7,"磨砂玻璃门","M1022","樘",8,1306]
[8,"磨砂玻璃门","m1122","樘",5,1306]
[9,"磨砂玻璃门","m0922","樘",5,1306]
[10,"钢制防火门","甲级防火门FM甲1222","樘",2,1250]
[11,"钢制防火门","乙级防火门FM乙1127","樘",1,1360]
[12,"钢制防火门","乙级防火门FM乙1122","樘",3,1170]
[13,"钢制防火门","乙级防火门FM乙1322","樘",1,1325]
[14,"钢制防火门","乙级防火门FM乙1722","樘",5,1630]
[15,"钢制防火门","乙级防火门FM乙1622","樘",2,1552]
[16,"钢制防火门","丙级防火门FM1120","樘",4,1040]
[17,"钢制防火防盗门","甲级防火门FM甲1122","樘",1,1452]
["不含税总计（元/樘）"]
["税率(%)"]
["含税总计（元/樘）"]
["注：该批材料用于石棉县；报价采用固定综合单价，报价包含材料人工费、运输费、上下车费、安装费、管理费、利润、税费、风险等全部费用，在整个供货期内均不调整单价，具体金额以实际结算金额为准,。"]